|
|
|
|
| LEADER |
00000cam a22000004a 4500 |
| 001 |
musev2_1635 |
| 003 |
MdBmJHUP |
| 005 |
20230905040233.0 |
| 006 |
m o d |
| 007 |
cr||||||||nn|n |
| 008 |
090518s2010 nju o 00 0 eng d |
| 010 |
|
|
|z 2009020396
|
| 020 |
|
|
|a 9780813549279
|
| 020 |
|
|
|z 0813546931
|
| 020 |
|
|
|z 9780813546933
|
| 020 |
|
|
|z 0813549272
|
| 035 |
|
|
|a (OCoLC)779828707
|
| 040 |
|
|
|a MdBmJHUP
|c MdBmJHUP
|
| 043 |
|
|
|a n-us---
|a e-uk-en
|a a-cc---
|
| 050 |
0 |
4 |
|a CT1828.C5273
|b Z47 2010
|
| 082 |
0 |
|
|a 920.0092951073
|2 22
|
| 100 |
1 |
|
|a Zheng, Da,
|d 1953-
|
| 245 |
1 |
0 |
|a Chiang Yee :
|b The Silent Traveller from the East--A Cultural Biography /
|c Da Zheng ; foreword by Arthur C. Danto.
|
| 264 |
|
1 |
|a New Brunswick, N.J. :
|b Rutgers University Press,
|c 2010.
|
| 264 |
|
3 |
|a Baltimore, Md. :
|b Project MUSE,
|c 2012
|
| 264 |
|
4 |
|c ©2010.
|
| 300 |
|
|
|a 1 online resource (358 pages):
|b ill. ;
|
| 336 |
|
|
|a text
|b txt
|2 rdacontent
|
| 337 |
|
|
|a computer
|b c
|2 rdamedia
|
| 338 |
|
|
|a online resource
|b cr
|2 rdacarrier
|
| 504 |
|
|
|a Includes bibliographical references and index.
|
| 504 |
|
|
|a "Writings by Chiang Yee": p. 297-299.
|
| 588 |
|
|
|a Description based on print version record.
|
| 600 |
1 |
0 |
|a Chiang, Yee,
|d 1903-1977.
|
| 650 |
|
0 |
|a Travelers' writings, English
|x History and criticism.
|
| 650 |
|
0 |
|a Exiles' writings, English
|x History and criticism.
|
| 650 |
|
0 |
|a Chinese in literature.
|
| 650 |
|
0 |
|a Asian diaspora.
|
| 650 |
|
0 |
|a Chinese
|z England
|v Biography.
|
| 650 |
|
0 |
|a Chinese
|z United States
|v Biography.
|
| 650 |
|
0 |
|a Chinese American artists
|v Biography.
|
| 650 |
|
0 |
|a Chinese American authors
|v Biography.
|
| 651 |
|
0 |
|a China
|x In literature.
|
| 655 |
|
7 |
|a Electronic books.
|2 local
|
| 710 |
2 |
|
|a Project Muse.
|e distributor
|
| 830 |
|
0 |
|a Book collections on Project MUSE.
|
| 856 |
4 |
0 |
|z Texto completo
|u https://projectmuse.uam.elogim.com/book/1635/
|
| 945 |
|
|
|a Project MUSE - Custom Collection
|
| 945 |
|
|
|a Project MUSE - 2010 Literature
|
| 945 |
|
|
|a Project MUSE - 2010 Complete
|